000 00315nam a2200145Ia 4500
100 _aNyit
650 _aElectrical Engineering
942 _cBK
654 _aelectronics
245 _aBasic Electronics
260 _bTata Mc Graw hill
_aNew Delhi
_c1979
082 _a621.38
300 _a561
546 _aENGLISH
999 _c35324
_d35324